| 000 | 00814nam a22001337a 4500 | ||
|---|---|---|---|
| 040 | _cRUA | ||
| 082 | _aVEM SAR 2024 B1.330 Or.1 | ||
| 100 | _aSARIN SINGVORO, សារិន្ទ សំវរោ | ||
| 245 | _aThe Antibody titer of newcastle disease of chicken at the animal science experimental station of the royal university of Agriculture, កម្រិតអង់ទីករនៃជំងឺញ៉ូវកាសលើមាន់ នៅស្ថានីយពិសោធន៍ វិទ្យាសាស្រ្តសត្វ នៃសាកលវិទ្យាល័យភូមិន្ទកសិកម្ម | ||
| 260 |
_aPHNOM PENH _bRUA _c2024 |
||
| 300 |
_ax, _bill, _c29cm, |
||
| 856 | _uhttps://drive.google.com/file/d/11f5z9nu8-Kc-S97iwwzNuCLQC-gvNYSV/view?usp=sharing | ||
| 942 | _cVEM | ||
| 999 |
_c24774 _d24774 |
||